Officium et cantus Dominicae palmarum in triduo majoris hebdomadae in diluculo resurrectionis et in processione quae fit post vesperas juxta ritum Sacri Ordinis Praedicatorum

Detalles Bibliográficos
Autor Corporativo: Iglesia Católica
Formato: Libro
Lenguaje:Latin
Publicado: Matriti : s.n., 1830.
Materias:
Colección:Banco de datos
Acervo:Monasterio de Santa Catalina de Siena de la Orden de Santo Domingo de Morelia. Michoacán
Descripción Física:[2] h., 76, LXI, 64 p. : il. ; 4°
Tema general:Liturgia
Notas:Incluye notas musicales en grabado calcográfico. Portada con escudo de los dominicos en grabado xilográfico. Encuadernación en piel sobre cartón
LEADER 00853nam a22001690004500
035 |a 451 
041 0 |a lat 
110 1 |a Iglesia Católica 
245 1 0 |a Officium et cantus Dominicae palmarum in triduo majoris hebdomadae in diluculo resurrectionis et in processione quae fit post vesperas juxta ritum Sacri Ordinis Praedicatorum 
260 |a Matriti : s.n., 1830. 
300 |a [2] h., 76, LXI, 64 p. : il. ; 4° 
500 |a Incluye notas musicales en grabado calcográfico. Portada con escudo de los dominicos en grabado xilográfico. Encuadernación en piel sobre cartón 
650 1 0 |a Liturgia 
949 |a Monasterio de Santa Catalina de Siena y Santa Ana del Convento de Dominicas de Morelia, Michoacán: 1103 
942 |c DOMMOR 
943 |g Monasterio de Santa Catalina de Siena de la Orden de Santo Domingo de Morelia. Michoacán 
999 |c 1104507  |d 1104507